Properties of lattice - matched and strained indium gallium arsenide (Record no. 16785)

MARC details
000 -LEADER
fixed length control field 00634nam a2200193Ia 4500
003 - CONTROL NUMBER IDENTIFIER
control field IN-BaIIA
008 - FIXED-LENGTH DATA ELEMENTS--GENERAL INFORMATION
fixed length control field 211028s9999 xx 000 0 eng d
020 ## - INTERNATIONAL STANDARD BOOK NUMBER
International Standard Book Number 0-85296-865-5
040 ## - CATALOGING SOURCE
Transcribing agency IIA Library
080 ## - UNIVERSAL DECIMAL CLASSIFICATION NUMBER
Universal Decimal Classification number 546.682
Item number PRO
245 #0 - TITLE STATEMENT
Title Properties of lattice - matched and strained indium gallium arsenide
Statement of responsibility, etc. edited by Pallab Bhattacharya
260 ## - PUBLICATION, DISTRIBUTION, ETC.
Place of publication, distribution, etc. London
Name of publisher, distributor, etc. INSPEC
Date of publication, distribution, etc. 1993
300 ## - PHYSICAL DESCRIPTION
Extent xxi, 317p.
490 ## - SERIES STATEMENT
Series statement EMIS datareviews series; no. 8
650 ## - SUBJECT ADDED ENTRY--TOPICAL TERM
Topical term or geographic name entry element Gallium arsenide semiconductors.
9 (RLIN) 31348
650 ## - SUBJECT ADDED ENTRY--TOPICAL TERM
Topical term or geographic name entry element Indium alloys.
9 (RLIN) 31349
700 ## - ADDED ENTRY--PERSONAL NAME
Personal name Bhattacharya, Pallab .,ed.
9 (RLIN) 31350
942 ## - ADDED ENTRY ELEMENTS (KOHA)
Koha item type Books
Holdings
Withdrawn status Lost status Damaged status Not for loan Home library Current library Shelving location Date acquired Total Checkouts Full call number Barcode Date last seen Price effective from Koha item type
        IIA Library-Bangalore IIA Library-Bangalore General Stacks 08/03/2008   546.682 / PRO 17707 05/11/2021 08/03/2008 Books

Powered by Koha